Vplyv menových režimov a medzinárodného obchodu na šírenie hospodárskej krízy bakalárska práca
Saved in:
| Main Author: | |
|---|---|
| Corporate Author: | |
| Other Authors: | |
| Format: | Book |
| Language: | Slovak |
| Published: |
Bratislava
2016
|
| Tags: |
No Tags, Be the first to tag this record!
|
MARC
| LEADER | 00000nbm a2200000 4500 | ||
|---|---|---|---|
| 001 | 0218640 | ||
| 005 | 20170123111919.0 | ||
| 041 | 0 | |a slo | |
| 044 | |a SK | ||
| 245 | 1 | 0 | |a Vplyv menových režimov a medzinárodného obchodu na šírenie hospodárskej krízy |b bakalárska práca |c Barbora Némová ; školiteľ: Ján Dráb |
| 264 | 1 | |a Bratislava |c 2016 | |
| 300 | |a 51 s. | ||
| 100 | 1 | |a Némová, Barbora | |
| 700 | 1 | |a Dráb, Ján | |
| 710 | 2 | |a Obchodná fakulta EU. Katedra medzinárodného obchodu | |